Đạo nghĩa trong gia đình tinh hoa đông tây
Đề cao đạo đức gia phong của gia đình Việt Nam. Gia giáo Việt Nam qua truyện cổ tích, truyền thuyết. Giáo dục đạo đức gia đình bằng sáu bài gia huấn, bằng những gương hiếu thảo trong văn học dân gian
में बचाया:
| मुख्य लेखक: | |
|---|---|
| स्वरूप: | पुस्तक |
| भाषा: | Vietnamese |
| प्रकाशित: |
Đồng Nam
Nxb. Tổng hợp Đồng Nai
1999
|
| श्रृंखला: | Tinh hoa đông tây
|
| विषय: | |
| टैग : |
टैग जोड़ें
कोई टैग नहीं, इस रिकॉर्ड को टैग करने वाले पहले व्यक्ति बनें!
|
| Thư viện lưu trữ: | Mạng thư viện Đại học Đà Nẵng |
|---|
| LEADER | 01322nam a2200337 4500 | ||
|---|---|---|---|
| 001 | 000014967 | ||
| 003 | 11337 | ||
| 005 | 20120517140517.0 | ||
| 008 | 120517s1999 viesd | ||
| 020 | |c 14000đ | ||
| 041 | 0 | |a vie | |
| 082 | |a 173 |b PH-S | ||
| 100 | 0 | |a Phạm Côn Sơn | |
| 245 | 0 | |a Đạo nghĩa trong gia đình |b tinh hoa đông tây |c Phạm Côn Sơn | |
| 260 | |a Đồng Nam |b Nxb. Tổng hợp Đồng Nai |c 1999 | ||
| 300 | |a 179tr. |c 19 cm | ||
| 490 | |a Tinh hoa đông tây | ||
| 520 | |a Đề cao đạo đức gia phong của gia đình Việt Nam. Gia giáo Việt Nam qua truyện cổ tích, truyền thuyết. Giáo dục đạo đức gia đình bằng sáu bài gia huấn, bằng những gương hiếu thảo trong văn học dân gian | ||
| 653 | |a gia phong | ||
| 653 | |a giáo dục gia đình | ||
| 653 | |a giáo dục Việt nam | ||
| OWN | |a LSP | ||
| AVA | |a UDN50 |b LSP |d 173 PH-S |e available |t Error 5001 Not defined in file expand_doc_bib_avail. |f 1 |g 0 |h N |i 0 |k 1 | ||
| 999 | |a From the UDN01 | ||
| AVA | |a UDN50 |b LSP |d 173 PH-S |e available |t Error 5001 Not defined in file expand_doc_bib_avail. |f 1 |g 0 |h N |i 0 |k 1 | ||
| TYP | |a Monograph | ||
| TYP | |a Printed language | ||
| 980 | |a Mạng thư viện Đại học Đà Nẵng | ||